The indian succession act ACT xxxix of 1925 : (Record no. 41943)

MARC details
000 -LEADER
fixed length control field 00831nam a22002177a 4500
005 - DATE AND TIME OF LATEST TRANSACTION
control field 20100814145312.0
010 ## - LCCN (DPL NO)
LC control number ENG-100521
020 ## - INTERNATIONAL STANDARD BOOK NUMBER
Terms of availability 130.00
035 ## - SYSTEM CONTROL NUMBER
System control number EN-84054
037 ## - SOURCE OF ACQUISITION
Source of stock number/acquisition DBAD/PUB
082 ## - DEWEY DECIMAL CLASSIFICATION NUMBER
Classification number 346.54052
100 ## - MAIN ENTRY--PERSONAL NAME
Personal name Jhabvala,Noshirvan H
245 ## - TITLE STATEMENT
Title The indian succession act ACT xxxix of 1925 :
Remainder of title as amended by the amending act51 of 1991
Statement of responsibility, etc by Noshirvan H Jhabvala ; revised & edited by H D Pithawalla
250 ## - EDITION STATEMENT
Edition statement 26th ed.
260 ## - PUBLICATION, DISTRIBUTION, ETC. (IMPRINT)
Place of publication, distribution, etc Mumbai
Name of publisher, distributor, etc Parimal J Shah
Date of publication, distribution, etc 2008
270 ## - ADDRESS
Address 146-c Shamaldas Gandhi Road
City Mumbai
Postal code 400002
300 ## - PHYSICAL DESCRIPTION
Extent 176p
Dimensions 24cm(pbk)
700 ## - ADDED ENTRY--PERSONAL NAME
Personal name Pithawalla,H D
9 (RLIN) 13471
942 ## - ADDED ENTRY ELEMENTS (KOHA)
Source of classification or shelving scheme Dewey Decimal Classification
Item type English Books
Classification part 346.54052
Call number suffix JHA
Holdings
Withdrawn status Lost status Not for loan Collection code Home library Current library Date acquired Source of acquisition Cost, normal purchase price Full call number Barcode Copy number Cost, replacement price Koha item type
    Not For Loan Non-fiction D.B.Act.Division D.B.Act.Division 14/08/2010 DBAD/PUB 130.00 346.54052 JHA EN-84054 1 130.00 English Books

© Delhi Public Library
Hit Counter
free hit counter